{"text_format":"3","workbook":"xlsx","n_sheets":1,"sheets":["t443"],"read":"whole","date_system":"1900"}

{"sheet":"t443","index":0,"n_rows":140,"n_cols":7,"rows_kept":140,"merged":[[0,0,0,6],[28,0,28,5],[37,0,37,5],[133,0,133,5]]}
["TABELA 443.1 - Estatísticas Agrícolas, Município de Pontal, Estado de São Paulo, 2016/17."]
["ITEM","UNIDADE","N.DE UPAs","MÍNIMO","MÉDIO","MÁXIMO","TOTAL"]
["Distância à sede do município","km",311,{"v":1,"d":"1.0"},{"v":9.39,"d":"9.4"},{"v":35,"d":"35.0"},"-"]
["Área total","hectare",311,0.3,{"v":110.96,"d":"111.0"},{"v":2928.5,"d":"2,928.5"},{"v":34508.97,"d":"34,509.0"}]
["Área com cultura perene","hectare","-","-","-","-",{"v":0,"d":"0.0"}]
["Área com cultura temporária","hectare",305,0.3,{"v":99.18,"d":"99.2"},{"v":2067,"d":"2,067.0"},{"v":30249.2,"d":"30,249.2"}]
["Área com pastagem","hectare",6,2.4,{"v":9.23,"d":"9.2"},{"v":27,"d":"27.0"},55.4]
["Área com reflorestamento","hectare","-","-","-","-",{"v":0,"d":"0.0"}]
["Área com vegetação natural","hectare",58,0.3,{"v":26.49,"d":"26.5"},{"v":382.06,"d":"382.1"},{"v":1536.26,"d":"1,536.3"}]
["Área com vegetação de brejo e várzea","hectare",99,0.2,{"v":14.66,"d":"14.7"},136.8,{"v":1451.82,"d":"1,451.8"}]
["Área em descanso","hectare",11,0.2,{"v":54.89,"d":"54.9"},393.5,{"v":603.79,"d":"603.8"}]
["Área complementar","hectare",99,0.1,{"v":6.19,"d":"6.2"},{"v":80,"d":"80.0"},612.5]
["Área das UPAs com (0, 1] ha","hectare",2,0.3,{"v":0.65,"d":"0.7"},{"v":1,"d":"1.0"},1.3]
["Área das UPAs com (1, 2] ha","hectare",3,1.7,{"v":1.87,"d":"1.9"},{"v":2,"d":"2.0"},5.6]
["Área das UPAs com (2, 5] ha","hectare",17,2.3,{"v":3.55,"d":"3.6"},4.9,60.4]
["Área das UPAs com (5, 10] ha","hectare",20,5.4,8.2,{"v":10,"d":"10.0"},{"v":164,"d":"164.0"}]
["Área das UPAs com (10, 20] ha","hectare",61,10.3,{"v":13.94,"d":"13.9"},{"v":20,"d":"20.0"},850.5]
["Área das UPAs com (20, 50] ha","hectare",94,20.5,{"v":32.17,"d":"32.2"},49.7,{"v":3024.26,"d":"3,024.3"}]
["Área das UPAs com (50, 100] ha","hectare",54,{"v":52,"d":"52.0"},{"v":70.12,"d":"70.1"},{"v":94,"d":"94.0"},{"v":3786.61,"d":"3,786.6"}]
["Área das UPAs com (100, 200] ha","hectare",16,{"v":110,"d":"110.0"},{"v":141.24,"d":"141.2"},{"v":191,"d":"191.0"},{"v":2259.81,"d":"2,259.8"}]
["Área das UPAs com (200, 500] ha","hectare",28,211.7,{"v":339.77,"d":"339.8"},{"v":493,"d":"493.0"},{"v":9513.59,"d":"9,513.6"}]
["Área das UPAs com (500, 1.000] ha","hectare",12,523.7,{"v":687.03,"d":"687.0"},968.3,{"v":8244.4,"d":"8,244.4"}]
["Área das UPAs com (1.000, 2.000] ha","hectare",3,{"v":1122.2,"d":"1,122.2"},{"v":1223.33,"d":"1,223.3"},{"v":1316,"d":"1,316.0"},{"v":3670,"d":"3,670.0"}]
["Área das UPAs com (2.000, 5.000] ha","hectare",1,{"v":2928.5,"d":"2,928.5"},{"v":2928.5,"d":"2,928.5"},{"v":2928.5,"d":"2,928.5"},{"v":2928.5,"d":"2,928.5"}]
["Área das UPAs com (5.000, 10.000] ha","hectare","-","-","-","-","-"]
["Área das UPAs acima de 10.000 ha","hectare","-","-","-","-","-"]
["Fonte: Secretaria de Agricultura e Abastecimento, CDRS/IEA, Projeto LUPA."]
[]
["TABELA 443.2 - Explorações Animais, Município de Pontal, Estado de São Paulo, 2016/17."]
["ITEM","UNIDADE","N.DE UPAs","MÍNIMO","MÉDIO","MÁXIMO","TOTAL"]
["Bovinocultura leiteira","cabecas",1,{"v":3,"d":"3.0"},{"v":3,"d":"3.0"},{"v":3,"d":"3.0"},{"v":3,"d":"3.0"}]
["Bovinocultura mista","cabecas",5,{"v":3,"d":"3.0"},55.2,{"v":140,"d":"140.0"},{"v":276,"d":"276.0"}]
["Equinocultura","cabecas",1,{"v":8,"d":"8.0"},{"v":8,"d":"8.0"},{"v":8,"d":"8.0"},{"v":8,"d":"8.0"}]
["Ovinocultura","cabecas",2,{"v":20,"d":"20.0"},20.5,{"v":21,"d":"21.0"},{"v":41,"d":"41.0"}]
["Suinocultura","cabecas",2,{"v":20,"d":"20.0"},{"v":25,"d":"25.0"},{"v":30,"d":"30.0"},{"v":50,"d":"50.0"}]
["Fonte: Secretaria de Agricultura e Abastecimento, CDRS/IEA, Projeto LUPA."]
[]
["TABELA 443.3 -  Máquinas, Implementos e Benfeitorias, Município de Pontal, Estado de São Paulo, 2016/17."]
["ITEM","UNIDADE","N.DE UPAs","MÍNIMO","MÉDIO","MÁXIMO","TOTAL"]
["Arado comum (bacia, aiveca)","unidade",7,{"v":1,"d":"1.0"},{"v":1.43,"d":"1.4"},{"v":3,"d":"3.0"},{"v":10,"d":"10.0"}]
["Arado escarificador","unidade",15,{"v":1,"d":"1.0"},2.2,{"v":5,"d":"5.0"},{"v":33,"d":"33.0"}]
["Arado subsolador","unidade",9,{"v":1,"d":"1.0"},{"v":1.67,"d":"1.7"},{"v":5,"d":"5.0"},{"v":15,"d":"15.0"}]
["Carregadeira de cana","unidade",9,{"v":1,"d":"1.0"},{"v":2.44,"d":"2.4"},{"v":7,"d":"7.0"},{"v":22,"d":"22.0"}]
["Colhedeira acoplada","unidade",1,{"v":1,"d":"1.0"},{"v":1,"d":"1.0"},{"v":1,"d":"1.0"},{"v":1,"d":"1.0"}]
["Colhedeira automotriz","unidade",4,{"v":1,"d":"1.0"},{"v":2.25,"d":"2.3"},{"v":5,"d":"5.0"},{"v":9,"d":"9.0"}]
["Computador","unidade",2,{"v":2,"d":"2.0"},{"v":12,"d":"12.0"},{"v":22,"d":"22.0"},{"v":24,"d":"24.0"}]
["Conj.irrigacao autopropelido","unidade",1,{"v":4,"d":"4.0"},{"v":4,"d":"4.0"},{"v":4,"d":"4.0"},{"v":4,"d":"4.0"}]
["Conj.irrigacao pivot central","unidade",1,{"v":4,"d":"4.0"},{"v":4,"d":"4.0"},{"v":4,"d":"4.0"},{"v":4,"d":"4.0"}]
["Conjunto de fenacao","unidade",1,{"v":1,"d":"1.0"},{"v":1,"d":"1.0"},{"v":1,"d":"1.0"},{"v":1,"d":"1.0"}]
["Desintegrador de palha (plantio direto)","unidade",1,{"v":1,"d":"1.0"},{"v":1,"d":"1.0"},{"v":1,"d":"1.0"},{"v":1,"d":"1.0"}]
["Desintegrador, picador, triturador","unidade",3,{"v":1,"d":"1.0"},{"v":1,"d":"1.0"},{"v":1,"d":"1.0"},{"v":3,"d":"3.0"}]
["Distribuidor de calcario","unidade",6,{"v":1,"d":"1.0"},{"v":1,"d":"1.0"},{"v":1,"d":"1.0"},{"v":6,"d":"6.0"}]
["Ensiladeira","unidade",2,{"v":1,"d":"1.0"},{"v":1,"d":"1.0"},{"v":1,"d":"1.0"},{"v":2,"d":"2.0"}]
["Grade aradora (tipo romi)","unidade",10,{"v":1,"d":"1.0"},1.9,{"v":5,"d":"5.0"},{"v":19,"d":"19.0"}]
["Grade niveladora","unidade",7,{"v":1,"d":"1.0"},{"v":1.86,"d":"1.9"},{"v":3,"d":"3.0"},{"v":13,"d":"13.0"}]
["Misturador de racao","unidade",1,{"v":1,"d":"1.0"},{"v":1,"d":"1.0"},{"v":1,"d":"1.0"},{"v":1,"d":"1.0"}]
["Mmicrotrator","unidade",1,{"v":1,"d":"1.0"},{"v":1,"d":"1.0"},{"v":1,"d":"1.0"},{"v":1,"d":"1.0"}]
["Pulverizador tratorizado","unidade",14,{"v":1,"d":"1.0"},{"v":1.93,"d":"1.9"},{"v":4,"d":"4.0"},{"v":27,"d":"27.0"}]
["Semeadeira/adubadeira para plantio convencional","unidade",8,{"v":1,"d":"1.0"},{"v":1.25,"d":"1.3"},{"v":3,"d":"3.0"},{"v":10,"d":"10.0"}]
["Semeadeira/plantadeira plantio direto","unidade",2,{"v":1,"d":"1.0"},{"v":2,"d":"2.0"},{"v":3,"d":"3.0"},{"v":4,"d":"4.0"}]
["Terraceador","unidade",3,{"v":1,"d":"1.0"},{"v":1,"d":"1.0"},{"v":1,"d":"1.0"},{"v":3,"d":"3.0"}]
["Trator de esteiras","unidade",3,{"v":1,"d":"1.0"},{"v":1.67,"d":"1.7"},{"v":3,"d":"3.0"},{"v":5,"d":"5.0"}]
["Trator de pneus até 65 cv","unidade",24,{"v":1,"d":"1.0"},{"v":7.13,"d":"7.1"},{"v":39,"d":"39.0"},{"v":171,"d":"171.0"}]
["Acude/represa","unidade",10,{"v":1,"d":"1.0"},{"v":2,"d":"2.0"},{"v":6,"d":"6.0"},{"v":20,"d":"20.0"}]
["Almoxarifado/oficina","unidade",5,{"v":1,"d":"1.0"},1.2,{"v":2,"d":"2.0"},{"v":6,"d":"6.0"}]
["Armazem para graos ensacados","sacas",1]
["Balanca para veiculos","unidade",1,{"v":2,"d":"2.0"},{"v":2,"d":"2.0"},{"v":2,"d":"2.0"},{"v":2,"d":"2.0"}]
["Barracao para granja/avicultura","unidade",1,{"v":1,"d":"1.0"},{"v":1,"d":"1.0"},{"v":1,"d":"1.0"},{"v":1,"d":"1.0"}]
["Barracao/galpao/garagem","unidade",27,{"v":1,"d":"1.0"},{"v":1.67,"d":"1.7"},{"v":4,"d":"4.0"},{"v":45,"d":"45.0"}]
["Casa de moradia habitada","unidade",36,{"v":1,"d":"1.0"},{"v":4.67,"d":"4.7"},{"v":50,"d":"50.0"},{"v":168,"d":"168.0"}]
["Casa de moradia total","unidade",37,{"v":1,"d":"1.0"},{"v":4.68,"d":"4.7"},{"v":50,"d":"50.0"},{"v":173,"d":"173.0"}]
["Curral/mangueira","unidade",4,{"v":1,"d":"1.0"},1.5,{"v":2,"d":"2.0"},{"v":6,"d":"6.0"}]
["Deposito/tulha","unidade",8,{"v":1,"d":"1.0"},{"v":1.13,"d":"1.1"},{"v":2,"d":"2.0"},{"v":9,"d":"9.0"}]
["Engenho","unidade",1,{"v":1,"d":"1.0"},{"v":1,"d":"1.0"},{"v":1,"d":"1.0"},{"v":1,"d":"1.0"}]
["Estabulo","unidade",1,{"v":1,"d":"1.0"},{"v":1,"d":"1.0"},{"v":1,"d":"1.0"},{"v":1,"d":"1.0"}]
["Estacao/posto meteorologico","unidade",2,{"v":1,"d":"1.0"},{"v":1,"d":"1.0"},{"v":1,"d":"1.0"},{"v":2,"d":"2.0"}]
["Pocilga","unidade",1,{"v":1,"d":"1.0"},{"v":1,"d":"1.0"},{"v":1,"d":"1.0"},{"v":1,"d":"1.0"}]
["Poco semi-artesiano","unidade",5,{"v":1,"d":"1.0"},1.4,{"v":3,"d":"3.0"},{"v":7,"d":"7.0"}]
["Usina de acucar/destilaria","unidade",2,{"v":1,"d":"1.0"},{"v":1,"d":"1.0"},{"v":1,"d":"1.0"},{"v":2,"d":"2.0"}]
["Fonte: Secretaria de Agricultura e Abastecimento, CDRS/IEA, Projeto LUPA."]
[]
["TABELA 443.4 - Outras Estatísticas Agrícolas, Município de Pontal, Estado de São Paulo, 2016/17."]
["ITEM","Número de UPAs",null,"Percentual"]
["Faz Parte de Associação de Produtores",255,null,{"v":81.99356913183279,"d":"82.0"}]
["Faz Parte de Cooperativa de Produtores",276,null,{"v":88.74598070739549,"d":"88.7"}]
["Faz Parte do Sindicato de Produtores",253,null,{"v":81.35048231511253,"d":"81.4"}]
["Não utiliza assistência técnica ",42,null,{"v":13.504823151125402,"d":"13.5"}]
["Utiliza somente assistência técnica governamental ",3,null,{"v":0.9646302250803859,"d":"1.0"}]
["Utiliza somente assistência técnica privada ",253,null,{"v":81.35048231511254,"d":"81.4"}]
["Utiliza assistência técnica tanto governamental quanto privada",13,null,{"v":4.180064308681672,"d":"4.2"}]
["Utiliza Crédito Rural",37,null,{"v":11.897106109324758,"d":"11.9"}]
["Utiliza Seguro Rural",10,null,{"v":3.215434083601286,"d":"3.2"}]
["Utiliza Escrituração Agrícola",265,null,{"v":85.20900321543408,"d":"85.2"}]
["Acessa Internet p/ Fins na Agropecuária",22,null,{"v":7.07395498392283,"d":"7.1"}]
["Utiliza Computador nas Atividades Agropecuárias",40,null,{"v":12.861736334405144,"d":"12.9"}]
["Utiliza Energia Elétrica Para Uso na Atividade Agrícola",56,null,{"v":18.006430868167204,"d":"18.0"}]
["Utiliza Energia Alternativa","-",null,"-"]
["Realiza Análise de Solo, quando necessário",278,null,{"v":89.38906752411575,"d":"89.4"}]
["Realiza Calagem",12,null,{"v":3.8585209003215435,"d":"3.9"}]
["Utiliza Práticas de Conservação de Solo, quando necessário",290,null,{"v":93.2475884244373,"d":"93.2"}]
["Faz Adubação Mineral, quando necessário",277,null,{"v":89.06752411575563,"d":"89.1"}]
["Faz Adubação Orgânica, quando necessário",64,null,{"v":20.578778135048232,"d":"20.6"}]
["Faz Adubação Verde, quando necessário",7,null,{"v":2.2508038585209005,"d":"2.3"}]
["Utiliza Manejo Integrado de Pragas (MIP)",1,null,{"v":0.3215434083601286,"d":"0.3"}]
["Utiliza Hidroponia","-",null,"-"]
["Utiliza Cultivo em Estufa",1,null,{"v":0.3215434083601286,"d":"0.3"}]
["Utiliza Mudas Fiscalizadas",66,null,{"v":21.221864951768488,"d":"21.2"}]
["Utiliza Semente Melhorada",7,null,{"v":2.2508038585209005,"d":"2.3"}]
["Faz Confinamento de Bovinos","-",null,"-"]
["Utiliza Pastejo Intensivo",2,null,{"v":0.6430868167202572,"d":"0.6"}]
["Faz Inseminação Artificial","-",null,"-"]
["Faz Mineralização do Rebanho",2,null,{"v":0.6430868167202572,"d":"0.6"}]
["Faz Vermifugação do Rebanho",2,null,{"v":0.6430868167202572,"d":"0.6"}]
["Possui Parceiros /Arrendatários na Exploração Animal",12,null,{"v":3.8585209003215435,"d":"3.9"}]
["Existência de trabalhadores c/ deficiência na UPA","-",null,"-"]
["Esporte e lazer","-",null,"-"]
["Extração mineral","-",null,"-"]
["Hotel Fazenda, Pousada ou SPA","-",null,"-"]
["Pesque-pague","-",null,"-"]
["Restaurante ou Lanchonete","-",null,"-"]
["Transformação artesanal","-",null,"-"]
["Turismo rural ou ecoturismo","-",null,"-"]
["Outras atividades econômicas rurais","-",null,"-"]
["Agroindústria","-",null,"-"]
["Proprietário sem instrução ou com instrução incompleta",3,null,{"v":0.9646302250803859,"d":"1.0"}]
["Proprietário com antigo primário completo",126,null,{"v":40.5144694533762,"d":"40.5"}]
["Proprietário com 1° grau (ou antigo ginasial) completo",29,null,{"v":9.32475884244373,"d":"9.3"}]
["Proprietário com 2° grau (ou antigo colegial) completo",31,null,{"v":9.967845659163988,"d":"10.0"}]
["Proprietário com curso superior completo ",67,null,{"v":21.543408360128616,"d":"21.5"}]
["Pessoa Jurídica",55,null,{"v":17.684887459807072,"d":"17.7"}]
["Proprietário residente na própria UPA ",25,null,{"v":8.038585209003214,"d":"8.0"}]
["Fonte: Secretaria de Agricultura e Abastecimento, CDRS/IEA, Projeto LUPA."]
[]
["TABELA 443.5 - Área Cultivada, Município de Pontal, Estado de São Paulo, 2016/17."]
["CULTURA","N.DE UPAs","MÍNIMO","MÉDIO","MÁXIMO","TOTAL"]
["Cana-de-acucar finalidade industria",305,0.3,{"v":94.93,"d":"94.9"},{"v":1134.4,"d":"1,134.4"},{"v":28954.1,"d":"28,954.1"}]
["Soja",5,{"v":18,"d":"18.0"},271.6,{"v":1000,"d":"1,000.0"},{"v":1358,"d":"1,358.0"}]
["Braquiaria",4,2.4,{"v":9,"d":"9.0"},{"v":27,"d":"27.0"},{"v":36,"d":"36.0"}]
["Gramas",2,2.4,9.7,{"v":17,"d":"17.0"},19.4]
["Fonte: Secretaria de Agricultura e Abastecimento, CDRS/IEA, Projeto LUPA."]